Normal view MARC view
  • Hériot, Virginie,

Entry Nombre Personal

Number of records used in: 1

001 - NUMERO DE CONTROL

  • campo de control: 46752

003 - IDENTIFICADOR DE NUMERO DE CONTROL

  • campo de control: UPN

005 - FECHA Y HORA DE LA ÜLTIMA TRANSACCIÓN

  • campo de control: 20220926110940.0

008 - DATOS DE LONGITUD FIJA

  • campo de control de longitud fija: 220918nn acannaabn n aaa d

040 ## - FUENTE DE CATALOGACIÓN

  • Agencia original de catalogación: UPN

100 1# - ENCABEZAMIENTO - NOMBRE PERSONAL

  • Nombre personal: Hériot, Virginie,
  • Fechas asociadas con el nombre: 1890-1932
  • Subdivisión de forma: Correspondencia, memorias, etc.

670 ## - FUENTE EN LA QUE SE LOCALIZARON DATOS

  • Cita de la fuente: LC/P

902 ## - CATALOGADOR

  • Catalogador: CAA/260922